000 00291nam a2200121Ia 4500
008 170224s9999 xx 000 0 und d
245 _aThinking About Patients in Pain
260 _bAmerican Journal of Nursing
260 _c2016
300 _a116:7
500 _aJuly
650 _xNursing.
999 _c316951
_d316951